书目信息 |
| 题名: |
杏花疏影里,吹笛到天明
|
|
| 作者: | 张觅 著 | |
| 分册: | ||
| 出版信息: | 北京 北京工业大学出版社 2016 |
|
| 页数: | 245页 | |
| 开本: | 23cm | |
| 丛书名: | ||
| 单 册: | ||
| 中图分类: | I207.227.2 | |
| 科图分类: | ||
| 主题词: | 古典诗歌--gu dian shi ge--诗歌欣赏--中国 | |
| 电子资源: | ||
| ISBN: | 978-7-5639-4608-2 | |
| 000 | 01163nam0 22002531 450 | |
| 001 | 0118172300 | |
| 005 | 20170618172300.0 | |
| 010 | @a978-7-5639-4608-2@dCNY30.00 | |
| 100 | @a20160511d2016 em y0chiy50 ea | |
| 101 | 0 | @achi |
| 102 | @aCN@b110000 | |
| 105 | @ay z 000yy | |
| 106 | @ar | |
| 200 | 1 | @a杏花疏影里,吹笛到天明@Axing hua shu ying li chui di dao tian ming@e古诗词中的风雅之乐@f张觅著 |
| 210 | @a北京@c北京工业大学出版社@d2016 | |
| 215 | @a245页@d23cm | |
| 314 | @a张觅,女,曾用笔名叶溪、云萱。出版有《光阴小镇》《诗词清芬》等作品。 | |
| 330 | @a本书共分为三大部分,分别讲述了古诗词中出现的经典乐曲、乐器和乐人。乐曲包括琵琶曲、古筝曲、笛曲《十面埋伏》、《渔舟唱晚》、《高山流水》、《梅花三弄》等。乐器部分介绍了古诗词中描写的古琴、古筝、排箫等。乐人部分介绍了俞伯牙、师旷、刘采春等。书中引用了李白、杜甫、王勃、黄庭坚等人描写风雅之乐的经典诗词,并结合作者的意见进行了赏析。 | |
| 517 | 1 | @a古诗词中的风雅之乐@Agu shi ci zhong de feng ya zhi le |
| 606 | 0 | @a古典诗歌@Agu dian shi ge@x诗歌欣赏@y中国 |
| 690 | @aI207.227.2@v5 | |
| 701 | 0 | @a张觅@Azhang mi@4著 |
| 801 | 0 | @aCN@bTANGWEI@c20170615 |
| 905 | @b1009203-8@dI207.227.2@e1024@f6 | |
| 杏花疏影里,吹笛到天明:古诗词中的风雅之乐/张觅著.-北京:北京工业大学出版社,2016 |
| 245页;23cm |
| ISBN 978-7-5639-4608-2:CNY30.00 |
| 本书共分为三大部分,分别讲述了古诗词中出现的经典乐曲、乐器和乐人。乐曲包括琵琶曲、古筝曲、笛曲《十面埋伏》、《渔舟唱晚》、《高山流水》、《梅花三弄》等。乐器部分介绍了古诗词中描写的古琴、古筝、排箫等。乐人部分介绍了俞伯牙、师旷、刘采春等。书中引用了李白、杜甫、王勃、黄庭坚等人描写风雅之乐的经典诗词,并结合作者的意见进行了赏析。 |
| ● |
| 相关链接 |
|
|
|
|
正题名:杏花疏影里,吹笛到天明
索取号:I207.227.2/1024
 
预约/预借
| 序号 | 登录号 | 条形码 | 馆藏地/架位号 | 状态 | 备注 |
| 1 | 1009203 | 210092031 | 第一样本阅览室/ [索取号:I207.227.2/1024] | 在馆 | |
| 2 | 1009204 | 210092040 | 教育系资料室/ [索取号:I207.227.2/1024] | 在馆 | |
| 3 | 1009205 | 210092059 | 教育系资料室/ [索取号:I207.227.2/1024] | 在馆 | |
| 4 | 1009206 | 210092068 | 教育系资料室/ [索取号:I207.227.2/1024] | 在馆 | |
| 5 | 1009207 | 210092077 | 第二借阅区/ [索取号:I207.227.2/1024] | 在馆 | |
| 6 | 1009208 | 210092086 | 第二借阅区/ [索取号:I207.227.2/1024] | 在馆 |